FIFA 17 Top 8 Defenders - Statistics

General Stats
  • This quiz has been taken 447 times
  • The average score is 7 of 8
Answer Stats
Rank Rating Team Answer % Correct
2. 89 Real Madrid Ramos
99%
1. 90 Bayern Munich Boateng
90%
6. 88 Atletico Madrid Godin
83%
4. 88 Real Madrid Pepe
81%
7. 88 Juventus Chiellini
79%
3. 89 Paris Saint Germain Thiago Silva
79%
5. 88 Bayern Munich Lahm
75%
8. 87 Bayern Munich Alaba
71%
No matching quizzes found
Score Distribution
Percent of People with Each Score
Percentile by Number Answered
Your Score History
You have not taken this quiz